Heidegger para principiantes /

Guardado en:
Bibliografiske detaljer
Hovedforfatter: Lemay, Eric (autor)
Andre forfattere: Pitts, Jenniffer A. (autor) (autor), Gordon, Paul (ilustración) (ilustración)
Format: Bog
Sprog:spansk
Udgivet: Buenos Aires, Argentina : Era Naciente, 2000, c2000
Serier:(Documentales Ilustrados)
Fag:
Tags: Tilføj Tag
Ingen Tags, Vær først til at tagge denne postø!

MARC

LEADER 00000nam^a2200000^a^4500
001 000153461
005 20250521000000.0
009 20260310100319.444
020 |a 987-9065-77-8 
037 |a Acervo ITESO - Biblioteca 
041 |a ESP 
082 |a 920. 02  |b PRI V. 59 
100 |a Lemay, Eric  |e (autor) 
240 1 1 |a [Principiantes] 
245 1 0 |a Heidegger para principiantes /  |c E. Lemay, J.A. Pitts ; il. de P. Gordon ; tr. por Guillermo Sabanes. 
264 4 |a Buenos Aires, Argentina :  |b Era Naciente,  |c 2000, c2000 
300 |a 144 p. 
336 |a texto  |b txt  |2 rdacontenido 
337 |a sin mediación  |b n  |2 rdamedio 
338 |a volumen  |b nc  |2 rdasoporte 
440 1 |a (Documentales Ilustrados) 
649 |a XX 
650 |a Filósofos Alemanes 
650 |a Ser (Filosofía) 
650 |a Tiempo -  |x Filosofía 
650 |a Verdad 
650 |a Lenguaje -  |x Tema Principal 
650 |a Ontología 
650 |a Fenomenología -  |x Historia y Crítica -  |x Tema Principal 
650 |a Filosofía del Siglo XX -  |x Historia y Crítica 
650 |a Filosofía Alemana -  |x Historia y Crítica 
650 |a Heidegger, Martin -  |x Tema Principal 
700 |a Pitts, Jenniffer A.  |e (autor) 
700 |a Gordon, Paul  |e (ilustración) 
910 |a Fondo General 
920 |a Impresos - Libros 
930 |a Colección General 
905 |a 101 
901 |a 0500082005  |b IT1  |c ACC  |u 20250521 
902 |a https://opac.biblio.iteso.mx/vufind/Record/000153461